Т. 3 : Четвертичная геология и геоморфология : Секция С.03: доклады; 27-й Международный геологический конгресс, СССР, Москва, 4-14 авг. 1984 г.

書誌詳細
Parent link:27-й Международный геологический конгресс, СССР, Москва, 4-14 авг. 1984 г.: доклады. Т. 3 : Четвертичная геология и геоморфология : Секция С.03.— , 1984
その他の著者: Никифорова К. В. (редактор)
要約:Доклады на русском и английском языках.
言語:ロシア語
英語
出版事項: 1984
主題:
フォーマット: 図書
KOHA link:https://koha.lib.tpu.ru/cgi-bin/koha/opac-detail.pl?biblionumber=296899

MARC

LEADER 00000nam2a2200000 4500
001 296899
005 20231102000943.0
020 |a RU  |b 84-59487 
035 |a (RuTPU)RU\TPU\book\322016 
035 |a RU\TPU\book\321798 
090 |a 296899 
100 |a 20150604g1984 k y0rusy5003 ca 
101 0 |a rus  |a eng 
102 |a RU 
105 |a ab z 101zy 
200 0 |a Т. 3 : Четвертичная геология и геоморфология : Секция С.03  |e доклады  |f под ред. К. В. Никифоровой 
210 |d 1984 
215 |a 118 с.  |c ил.  |e Прилож.: 1 вкл. л. карт. 
300 |a Доклады на русском и английском языках. 
320 |a Библиогр. в конце докл. 
461 1 |0 (RuTPU)RU\TPU\book\145701  |t 27-й Международный геологический конгресс, СССР, Москва, 4-14 авг. 1984 г.  |o доклады  |o [в 10-ти т.]  |v Т. 3 : Четвертичная геология и геоморфология : Секция С.03  |d 1984 
606 1 |a Геология  |2 stltpush  |3 (RuTPU)RU\TPU\subj\6095  |9 34054 
610 1 |a биостратиграфия 
610 1 |a палеогеография 
610 1 |a палеоклиматология 
610 1 |a неотектоника 
610 1 |a геоморфология 
610 1 |a четвертичная геология 
610 1 |a СССР 
610 1 |a Европа 
610 1 |a Азия 
610 1 |a Америка 
610 1 |a конгрессы 
610 1 |a Москва 
675 |a 55(063)  |z rus  |v 3 
702 1 |a Никифорова  |b К. В.  |4 340 
801 0 |a RU  |b RuMRKP  |c 19950704  |g psbo 
801 1 |a RU  |b 63413507  |c 20080329  |g PSBO 
801 2 |a RU  |b 63413507  |c 20190321  |g PSBO 
942 |c BK